000 00455nam a2200157 a 4500
001 000048802
005 20201002061423.0
008 190412s2016 dr a r 000 spa d
020 _a9789945902907
040 _aDO-SdBNP
_bspa
_cBNPHU
100 _aUmaña, Vladimir
_976255
245 1 0 _aSpeak easy. /
_cVladimir Umaña.
260 _aSanto Domingo :
_bAcademia de Lenguas,
_c2016.
300 _a105 p. :
_bil. ;
_c29 cm.
590 _aInventariado, 2019 / DG
999 _c48290
_d48290